[Event "EU-ch 20th"]
[Site "Skopje"]
[Date "2019.03.22"]
[Round "5"]
[White "Azarov, Sergei Nikolaevich"]
[Black "Gelfand, Boris"]
[Result "1/2-1/2"]
[WhiteElo "2585"]
[BlackElo "2655"]
[Annotator "Krasenkow,M"]
[PlyCount "75"]
[EventDate "2019.03.18"]
[EventType "swiss"]
[EventRounds "11"]
[EventCountry "MKD"]
[Tiebreak "Sum of Buchholz"]
[SourceTitle "CBM 189"]
[Source "ChessBase"]
[SourceDate "2019.04.29"]
[SourceVersion "1"]
[SourceVersionDate "2019.04.29"]
[SourceQuality "1"]

{[%evp 0,75,19,31,72,53,49,32,44,14,47,40,28,45,43,43,43,40,77,19,19,14,39,28,
41,16,5,8,27,29,61,47,51,40,54,28,31,13,24,32,39,14,26,24,19,81,42,32,75,57,64,
30,44,0,0,-15,-15,0,0,0,0,-12,0,-83,-76,-89,-82,-77,-82,-77,-77,-77,-74,-71,
-71,-71,-71,-71]} 1. e4 c5 2. Nf3 Nc6 3. d4 cxd4 4. Nxd4 Nf6 5. Nc3 e5 6. Ndb5
d6 7. Nd5 Nxd5 8. exd5 Nb8 9. a4 Be7 10. Be2 O-O 11. O-O Nd7 12. Bd2 {This
move became popular after the recent World Championship match. It was examined
(among others) in my survey in CBM 188.} a6 (12... f5 13. a5 a6 (13... Nf6 14.
Be3 (14. c4 $5) 14... Bd7 15. Nxa7 f4 16. Bb6 {1/2 (26) Huschenbeth,N (2571)
-Hracek,Z (2582) Le Castella 2018} Qb8 17. Nb5 f3 $1 18. gxf3 Bd8 $44) (13...
f4 14. Re1 Nf6 15. Bd3 f3 $6 (15... Ng4 $1 $13) 16. Qxf3 Ng4 17. Qe4 Bf5 18.
Qxf5 Rxf5 19. Bxf5 a6 20. Nxd6 Qxd6 21. Bxg4 Qxd5 22. Bc3 $16 {1-0 (40) So,W 
(2765)-Sadzikowski,D (2534) Caleta 2019}) 14. Na3 e4 15. Nc4 Ne5 16. Nb6 Rb8
17. f4 exf3 18. Bxf3 f4 {was more accurate} (18... g5 $6 19. c4 f4 20. Bc3 Bf5
21. c5 $1 Nxf3+ 22. Qxf3 dxc5 23. Rad1 $16 {1/2 (38) Caruana,F (2832)-Carlsen,
M (2835) London 2018 Mega2018 Update 58 [Krasenkow,Michal]}) (18... Bg5 19. c4
Qf6 {1/2 (61) Ter Sahakyan,S (2590)-Gledura,B (2630) Skopje MKD 2019} 20. c5
$36) 19. c4 $140 Bf6 $1 20. Bxf4 (20. Bc3 Bf5) 20... Nxf3+ 21. Qxf3 Bd4+ $1 22.
Kh1 Bxb2 23. Rae1 Be5 $13 24. Qe3 Qf6 {[%cal Gf6f1] S.Grigoriants}) 13. Na3 a5
$5 {Preventing a4-a5.} (13... f5 14. f4 (14. a5 {- 12...f5}) 14... exf4 15.
Bxf4 Ne5 16. Kh1 Bf6 17. c3 g5 18. Bxe5 Bxe5 19. Nc4 {1-0 (29) Santos Ruiz,M 
(2505)-Fier,A (2544) Amsterdam 2018} Qf6 $13) 14. f4 (14. Nc4 b6 15. f4 Ba6 (
15... Bb7 $5) 16. Ne3 Bb7 $6 (16... Bxe2 17. Qxe2 Re8 $13) 17. Bc3 g6 18. Bb5
$14 {1-0 (53) Oparin,G (2602)-Gelfand,B (2697) Moscow 2017}) (14. c3 $5 {
[%cal Yb2b4]} f5 15. f4 Nc5 $6 (15... exf4 $5 16. Bxf4 g5) 16. Be3 exf4 17.
Bxc5 dxc5 18. Rxf4 Bd6 19. Rf3 Qh4 20. Rh3 Qe7 21. Nc4 $14 {1-0 (42) Esipenko,
A (2603)-Gelfand,B (2655) Skopje MKD 2019}) 14... exf4 (14... f5 $5) 15. Bxf4
Nc5 {Black uses the c5 square but e5 was a more important spot.} (15... Ne5 $5
16. Nc4 Nxc4 17. Bxc4 Bf6) (15... f5 $5 16. Nc4 $140 Nb6) 16. Nb5 {This knight
will be traded here. It was better for White to keep it.} (16. c3 $5 Ne4 (16...
f5 17. Bb5 $5) 17. Nc4 $14) 16... Ne4 $6 (16... f5 $5) 17. Ra3 (17. Bf3 $1 Ng5
(17... f5 18. Bxe4 fxe4 19. Qd4 $16) 18. Kh1 $14) 17... Bd7 18. Kh1 (18. Nd4 $6
Bf6) 18... Bxb5 19. Bxb5 f5 {Still, White keeps initiative due to his bishop
pair.} 20. Raf3 Bf6 21. c3 Qe7 22. g4 $1 Be5 (22... fxg4 $2 23. Re3) 23. Bxe5
dxe5 24. Bd3 Qc5 25. Bxe4 {Too early.} (25. Bc2 Rad8 26. gxf5 Nf6 27. Bb3 $14)
25... fxe4 26. Rxf8+ Rxf8 27. Rxf8+ Kxf8 28. Kg2 Qe3 29. Qf1+ Ke7 30. Qf2 Qf4
31. Qxf4 {The pawn endgame is drawish but White has no better alternative.}
exf4 32. c4 Kd6 33. Kf2 Ke5 34. Ke2 h6 35. Kf2 g6 36. Ke2 h5 37. gxh5 gxh5 38.
Kf2 1/2-1/2

[Event "RUS-chT"]
[Site "Dagomys"]
[Date "2008.04.03"]
[Round "2"]
[White "Kobalia, Mihail"]
[Black "Krasenkow, Michal"]
[Result "0-1"]
[WhiteElo "2627"]
[BlackElo "2624"]
[Annotator "Krasenkow,M"]
[PlyCount "92"]
[EventDate "2008.04.02"]
[EventType "team"]
[EventRounds "11"]
[EventCountry "RUS"]
[SourceTitle "CBM 124"]
[Source "ChessBase"]
[SourceDate "2008.05.28"]
[SourceVersion "1"]
[SourceVersionDate "2008.05.28"]
[SourceQuality "1"]
[WhiteTeam "Saransk"]
[BlackTeam "Moscow ShSM-64"]
[WhiteTeamCountry "RUS"]
[BlackTeamCountry "RUS"]

1. e4 c5 2. Nf3 e6 3. d4 cxd4 4. Nxd4 Nf6 5. Nc3 Nc6 6. Ndb5 d6 7. Bf4 e5 8.
Bg5 a6 9. Na3 b5 10. Nd5 Be7 11. Bxf6 Bxf6 12. c4 {This quiet system is very
popular nowadays.} b4 13. Nc2 a5 14. Qf3 {A rare move, which suddenly gained
some popularity after Alexander Morozevich applied it in two blitz games.} (14.
g3 {is more common.}) 14... Be6 {Fighting against the main "enemy" - the d5
knight.} (14... Bg5 {is what White expects:} 15. h4 Bh6 16. g4 f6 ({the typical
} 16... Bf4 17. Nxf4 Qf6 {leads to a pleasant position for White after} 18.
O-O-O Qxf4+ (18... exf4 19. g5 Qe5 20. Rd5 Qe7 21. Qxf4) 19. Qxf4 exf4 20. Rxd6
Ne5 21. Nd4 Bxg4 22. Rd5 f6 23. Rg1) 17. Rg1 ({or} 17. g5 fxg5 18. Qh5+ Kf8 19.
Bh3 g4 20. Bxg4 Qe8 21. Qxe8+ Kxe8 22. f3 Rb8 23. b3 Rf8 24. Ke2 $14 {1-0
Amonatov,F-Zinchenko,Y/Tashkent UZB 2008/The Week in Chess 699 (58)}) 17... O-O
18. Qg3 g6 19. g5 fxg5 (19... Bg7 $142 $14) 20. hxg5 {[%cal Gh1h7]} Bg7 21.
O-O-O a4 22. c5 $1 $16 {1-0 Morozevich,A-Carlsen,M/Moscow 2007/EXT 2008 (41)})
(14... Be7 $5 15. a3 bxa3 16. Qxa3 O-O 17. Bd3 Rb8 18. O-O Be6 19. Rfd1 Bxd5
20. cxd5 Nb4 21. Nxb4 Rxb4 22. Rd2 Rd4 23. Rdd1 Rb4 {1/2-1/2 Ponomariov,
R-Radjabov,T/Dagomys RUS 2008/The Week in Chess 700}) 15. Rd1 Bxd5 (15... Be7
16. c5 O-O 17. Bb5 Na7 18. Ba4 Bxd5 19. Rxd5 Qc7 20. O-O Rad8 21. Rfd1 Nc6 22.
Qd3 $16 {1-0 Nepomniachtchi,I-Andriasian,Z/Moscow RUS 2008/The Week in Chess
693 (45)}) (15... Bg5 16. c5 O-O 17. cxd6 Rb8 18. h4 Bh6 19. b3 Qd7 20. Be2 f5
21. Nc7 $16 {1-0 Tologontegin,S-Holmirzaev,B/Tashkent UZB 2008/The Week in
Chess 699 (51)}) 16. Rxd5 (16. cxd5 Na7 {is not dangerous for Black. His
knight will come out via b5.} ({or} 16... Nb8 17. Bb5+ Nd7 18. Qg4 Ra7 {, e.g.}
19. Ne3 O-O 20. Bxd7 Rxd7 21. Rc1 Rc7 22. O-O Rxc1 23. Rxc1 Bg5 24. Qe2 f5 25.
exf5 Bxe3 26. Qxe3 Rxf5 27. g3 Rf8 28. b3 Qf6 29. Rc7 Qf5 30. Kg2 h5 31. h4 {
1-0 Geller,J-Batsanin,D/Dagomys RUS 2008/The Week in Chess 702 (53)} e4 $1 $11)
) 16... Ne7 17. Rd1 (17. Rb5 $5) 17... Qb6 (17... Qc7 18. Ne3 Bg5 19. Nf5 Nxf5
20. exf5 e4 $6 (20... O-O 21. Bd3 $14) 21. Qxe4+ Qe7 22. Bd3 d5 23. cxd5 Rd8
24. Bb5+ Kf8 25. Qxe7+ Kxe7 26. O-O Kd6 27. Rfe1 $16 {1-0 Iuldachev,
S-Timoshenko,G/Tashkent UZB 2008/The Week in Chess 699 (64)}) 18. Be2 ({To} 18.
Ne3 {an intermediate} b3 $1 {is now possible, and after} 19. a3 Bg5 20. Nf5
Nxf5 21. exf5 O-O 22. Bd3 Rac8 {the white bishop can't get to d5}) (18. h4 $5 {
, preventing ...Bg5, needs testing.}) 18... Bg5 19. Qd3 Rd8 20. O-O O-O 21. g3
g6 $11 22. Ne3 {A very aggressive continuation. White is prepared to spoil his
pawn structure in order to obtain the initiative.} (22. Kg2 {1/2-1/2 Watzka,
H-Horvath,T/Austria 1993/EXT 1998}) 22... Bxe3 23. Qxe3 Qc7 ({After} 23... Qxe3
24. fxe3 {Black can't successfully defend his d6 pawn, e.g.} f5 (24... Kg7 25.
Rd2 Rd7 26. Rfd1 Rfd8 27. c5 d5 28. Bb5 Rc7 29. c6 $1 $16) 25. Bf3 {[%cal
Yf1f2,Yf2d2]}) (23... Qc5 {doesn't solve problems either as after} 24. Rd2 Nc6
25. Rd5 $1 {is unpleasant.}) 24. f4 {[%mdl 32] Not a bad move but with a wrong
idea.} (24. Rd2 $5 Nc6 (24... f5 25. Rfd1) 25. Rd5 Nd4 26. Rc1 {and the black
d4 knight is quite bearable.}) 24... exf4 25. gxf4 $6 (25. Qxf4 $142 Nc6 26.
Rd5 $13) 25... f5 26. e5 $2 {This pawn now becomes weak but of course, it was
not easy for White to accept his mistake by playing} (26. Kg2 fxe4 27. Qxe4)
26... dxe5 27. fxe5 (27. Qxe5 Qxe5 28. fxe5 Nc6 29. e6 Kg7 $15 {[%csl Re6]})
27... Rxd1 28. Bxd1 (28. Rxd1 f4 29. Qe4 Rf5 30. e6 Qe5 31. Bf3 Qxe4 32. Bxe4
Re5 33. Bd5 Kg7 $15 {[%csl Re6]}) 28... Rc8 $1 {As you see from the previous
notes, the weakness of the e5-pawn becomes obvious in the endgame; therefore,
Black aims for the queen exchange.} 29. Ba4 Qc5 30. Kf2 (30. Rf3 g5 $5 {
[%cal Yf5f4,Yg5g4]} 31. Bd7 $140 f4 $1) (30. Re1 f4) 30... f4 31. Qxc5 Rxc5 32.
Re1 $6 ({It was better to look for counterplay by means of} 32. Rc1 $1 {
Here a possible continuation is:} g5 (32... Rxe5 $6 33. c5) (32... Kg7 33. Kf3
g5 34. Ke4 Ng6 35. Kd4 Rxe5 36. c5 Re2 {leads to the main line} (36... f3 37.
c6 f2 38. c7 Re1 39. c8=Q f1=Q 40. Qd7+ Kh6 41. Rxe1 Qxe1 42. Kc5 {with a
crazy position})) 33. Kf3 Ng6 34. e6 (34. Ke4 Rxe5+ 35. Kd4 f3 $17) 34... Kg7
35. Ke4 Re5+ 36. Kd4 Rxe6 37. c5 Re2 (37... f3 38. Rf1 $1 Ne5 $140 39. Kd5) 38.
c6 f3 39. c7 Ne7 40. c8=Q Nxc8 41. Rxc8 f2 42. Rc1 (42. Rc7+ Kg6 43. Rc6+ Kf5
44. Rc7 Rd2+ 45. Kc5 Rxb2) 42... Re1 43. Rc7+ Kf6 (43... Kh6 $2 44. Bc2 $1) 44.
Bb5 f1=Q 45. Bxf1 Rxf1 46. Rxh7 Ra1 $1 {with good winning chances for Black.})
32... g5 33. Bd7 (33. Kf3 Kg7 {[%cal Rc5c4]} 34. b3 Ng6 35. e6 Kf6 $19) 33...
Kf7 34. b3 h5 (34... Ng6 35. Bf5 Nxe5 36. Bxh7 Ng4+ 37. Kg1 Ne3 {was also
strong but the text move creates an unstoppable pawn avalanche.}) 35. e6+ Kf6
36. Re4 Kf5 37. Rd4 g4 38. Rd2 h4 39. Rd4 Re5 40. Rd2 g3+ 41. Kg2 Kg4 42. h3+
Kg5 43. Rd3 Re2+ 44. Kf1 Rxa2 {There are many roads to Rome:} (44... Rh2) (
44... Rc2 45. Rf3 Rh2 {etc.}) 45. c5 Rc2 46. c6 Rc3 0-1

[Event "WchT 8th"]
[Site "Ningbo"]
[Date "2011.07.20"]
[Round "4.4"]
[White "Guseinov, Gadir"]
[Black "Svidler, Peter"]
[Result "1-0"]
[WhiteElo "2625"]
[BlackElo "2739"]
[Annotator "Kritz,L"]
[PlyCount "65"]
[EventDate "2011.07.17"]
[EventType "team-tourn"]
[EventRounds "9"]
[EventCountry "CHN"]
[SourceTitle "CBM 144"]
[Source "ChessBase"]
[SourceDate "2011.09.16"]
[SourceVersion "1"]
[SourceVersionDate "2011.09.16"]
[SourceQuality "1"]
[WhiteTeam "Azerbaijan"]
[BlackTeam "Russia"]
[WhiteTeamCountry "AZE"]
[BlackTeamCountry "RUS"]

1. e4 c5 2. Nf3 e6 3. d4 cxd4 4. Nxd4 a6 5. Nc3 Qc7 6. Bd3 Bc5 7. Nb3 Be7 8.
O-O Nf6 9. f4 d6 10. a4 (10. Qe2 {ist die traditionelle Spielweise, wenn man
im Zentrum und am Königsflügel spielen will.} b5 11. Bd2 Bb7 12. Rae1 Nbd7 13.
Kh1 O-O $132) 10... Nc6 11. a5 (11. Be3 {Damit will Weiß nach 12.a5 das Feld
b6 unter Kontrolle nehmen.} b6 $1 {Schwarz muss a5 verhindern.} (11... O-O 12.
a5 Bd7 13. Bb6 Qb8 14. Qe2 $14) 12. Qf3 Bb7 13. Rae1 Nb4 14. Qh3 (14. Qg3 h5
15. h3 g6 16. Nd4 h4 17. Qf2 Nd7 18. Nf3 Nc5 19. Rd1 O-O-O $132 {Cubas -
Avrukh (Turin, 2006)}) 14... g6 15. Kh1 Rd8 16. Bd4 e5 17. Be3 O-O 18. Nd2 exf4
19. Bxf4 Bc8 20. Qf3 Bg4 $132 {Efimenko - Kuzmin (Kramatorsk, 2003)}) 11... b5
$1 {Wieder soll Schwarz nicht zulassen, dass Weiß die Kontrolle über das Feld
b6 bekommt.} 12. axb6 Qxb6+ 13. Kh1 O-O 14. Qe2 (14. Qf3 Nb4 15. Be3 Qc7 16.
Bd4 Bb7 17. Na5 Rab8 18. Nxb7 Qxb7 19. Qh3 h6 20. Qg3 {1/2-1/2 Ponomariov -
Ivanchuk (Sochi, 2006)}) 14... Nb4 {Schwarz greift den Läufer schon mal an,
wartet jedoch mit dem Nehmen solange es geht. Durch das ständig mögliche ...
Nxd3 verliert der weiße Angriff am Königsflügel an Stärke, so dass Weiß am
Damenflügel spielen muss.} 15. Be3 (15. Na5 Nxd3 16. cxd3 Bd7 17. Qe3 Qb4 18.
Bd2 Qb8 19. b4 Rc8 20. Nc4 d5 21. exd5 exd5 22. Qxe7 dxc4 23. Ne4 Nxe4 24. dxe4
c3 25. Bxc3 Rxc3 26. Qxd7 Qxb4 $11 {Delchev - Galego (Andorra la Vella, 2006)})
15... Qc7 $5 {Das übliche 15....Qb8 ist eigentlich gut genug.} (15... Qb8 16.
Na5 Bd7 17. Nc4 Nxd3 18. Qxd3 Bb5 19. Nxb5 axb5 20. Nb6 Rxa1 21. Rxa1 Qb7 22.
Qxb5 Qxe4 $15 {Panjwani - Arencibia (Kitchener, 2006)}) 16. Nb5 $1 (16. Ra4 Rb8
17. Rfa1 Bd7 $132) 16... Qb8 17. N5d4 {Betrachtung verdient 17.Nxd6.} (17. Nxd6
$5 Bxd6 18. e5 Bxe5 19. fxe5 Qxe5 20. Ra5 $36) 17... Bd7 {Wie immer ist das
Nehmen auf d3 verdächtig. Jedoch war 17...e5!? durchaus gut spielbar.} (17...
Nxd3 18. Nc6 Qc7 19. Nxe7+ Qxe7 20. cxd3 Bb7 21. Na5 $14) (17... e5 $5 18. Nf3
Ng4 19. f5 Nxe3 20. Qxe3 Bd7 $132) 18. Nd2 Rc8 19. c4 Nxd3 $1 {Wenn Weiß nicht
mehr auf d3 mit dem Bauern nehmen kann, sollte Schwarz die Chance nutzen, den
weißfeldrigen Läufer zu vernichten.} 20. Qxd3 {Schwarz steht eindeutig besser,
weil er das Läuferpaar besitzt und Weiß dazu einen sehr schlechten Springer
auf d2 hat.} a5 21. b3 Bd8 $6 {Ein komischer Zug.} (21... a4 $5 22. bxa4 Rxa4
23. Rxa4 Bxa4 $15 {mit einem Spiel auf zwei Ergebnisse.}) 22. Bg1 ({
Interessant wäre} 22. Nb5 $5 Bxb5 (22... Bc7 23. Bd4 $36) 23. cxb5 {und Weiß
bekommt das superstarke Feld c4 für seinen Springer.} Bb6 24. Nc4 Bxe3 25. Qxe3
Qxb5 26. Nxd6 Qc5 27. Qxc5 Rxc5 28. b4 $14) 22... h6 23. Rae1 a4 $2 {Dafür ist
keine Zeit.} (23... e5 $5) 24. e5 $1 Ne8 25. bxa4 Rxa4 26. f5 $1 {Weiß hat
starken Angriff, der kaum zu parieren ist.} dxe5 (26... Bg5 27. fxe6 Bxe6 (
27... fxe6 28. Qg6 Bxd2 29. Rf7 $18) 28. Nxe6 Bxd2 29. Rxf7 $1 Kxf7 30. Qd5 Qa8
31. Nd8+ $18) 27. fxe6 fxe6 28. Nf5 $1 exf5 (28... Qc7 29. Nxh6+ gxh6 30. Qg6+
Ng7 31. Rf7 $18) 29. Qxd7 Bg5 30. Qxa4 Bxd2 31. Rb1 Qd6 32. Rbd1 Nf6 33. Qa2
1-0

[Event "ISR-chT"]
[Site "Israel"]
[Date "2002.01.12"]
[Round "1"]
[White "Livshits, Gaby"]
[Black "Kundin, Alexander"]
[Result "1-0"]
[WhiteElo "2372"]
[BlackElo "2410"]
[Annotator "Kundin,A"]
[PlyCount "77"]
[EventDate "2002.01.10"]
[EventType "team"]
[EventRounds "11"]
[EventCountry "ISR"]
[SourceTitle "CBM 088"]
[Source "ChessBase"]
[SourceDate "2002.03.21"]
[SourceVersion "1"]
[SourceVersionDate "2002.03.21"]
[SourceQuality "1"]

1. e4 c5 2. Nc3 Nc6 3. Nge2 Nf6 4. d4 cxd4 5. Nxd4 e5 6. Ndb5 d6 7. Bg5 a6 8.
Na3 Be6 9. Nc4 Rc8 10. Ne3 Be7 11. Bxf6 Bxf6 12. Ncd5 Bg5 13. c3 O-O 14. h4 $6
{A premature aggression. Pawns don't just go back - white will sorry for that
move the entire game.} (14. Bc4 $14) (14. Be2 $14) 14... Bxe3 15. Nxe3 Ne7 $1
16. Qd2 d5 $6 (16... f5 $1 {It was more important to open the f-file than get
rid of the weak d6 pawn. Opening files and using development advantage black
could obtain a strong center.} 17. exf5 Nxf5 18. Bd3 Ne7 $15 (18... Nxe3 19.
Qxe3 Qf6 $15)) 17. exd5 Nxd5 18. Rd1 $11 Nxe3 19. Qxe3 Qc7 20. a3 f5 21. Be2
Rce8 22. O-O e4 (22... Bd7 23. f4 Bc6 $11 (23... exf4 24. Qxf4 Qxf4 25. Rxf4
Rxe2 26. Rxd7 Rxb2 27. Rc4 $16)) 23. Rd4 (23. f4 exf3 24. Qxf3 Qb6+ 25. Rf2 $11
) 23... Bd7 24. Qg5 (24. f4 $11) 24... Bc6 25. Bc4+ $6 {White should've played
f4 and equalize when he had his chances. Now the black pawns are becoming a
real menace to the white king.} (25. f4 $11) 25... Kh8 26. Re1 f4 $36 27. Qg4
$6 Qe5 28. Bd3 e3 29. Re2 Bxg2 $4 $138 {A terrible mistake in a time trouble,
which finishes the game immediately.} (29... Re6 $1 $17 {White has no useful
moves. His pieces are tied protecting the black's central pawns advance.} 30.
Qg5 (30. Qh3 Bxg2 $19) (30. fxe3 fxe3 31. Qg5 Qxg5 32. hxg5 g6 $17) 30... Bxg2
31. fxe3 Bf3 32. Qxe5 Rxe5 33. Rf2 Rxe3 $17) 30. f3 $1 Bxf3 31. Qxf3 Rd8 (31...
Qf6 32. Rh2 $18) 32. Qe4 Qxe4 33. Bxe4 Rde8 34. Bf3 Re7 35. Kf1 g6 36. Rg2 Kg7
37. Ke2 Rff7 38. Rg4 Rd7 39. Rgxf4 1-0

[Event "Belgrade Investbank"]
[Site "Belgrade"]
[Date "1995.??.??"]
[Round "2"]
[White "Adams, Michael"]
[Black "Lautier, Joel"]
[Result "1/2-1/2"]
[WhiteElo "2660"]
[BlackElo "2645"]
[Annotator "Lautier,J"]
[PlyCount "163"]
[EventDate "1995.11.??"]
[EventType "tourn"]
[EventRounds "11"]
[EventCountry "YUG"]
[EventCategory "17"]
[SourceTitle "CBM 051"]
[Source "ChessBase"]
[SourceDate "1996.04.01"]
[SourceVersion "1"]
[SourceVersionDate "1996.04.01"]
[SourceQuality "1"]

1. e4 c5 2. Nf3 e6 3. d4 cxd4 4. Nxd4 Nf6 5. Nc3 Nc6 6. Ndb5 d6 7. Bf4 e5 8.
Bg5 a6 9. Na3 b5 10. Bxf6 gxf6 11. Nd5 Bg7 12. g3 f5 13. exf5 Bxf5 14. Bg2 Be6
15. c3 O-O 16. Nc2 a5 17. O-O Rb8 18. Qd2 f5 19. Nf4 $6 (19. a3) (19. Rad1)
19... exf4 20. Bxc6 fxg3 21. hxg3 f4 $1 $36 22. Bd5 Qd7 (22... Bxd5 $6 23.
Qxd5+ Kh8 24. Nd4 $132) 23. Rae1 Bf7 $1 (23... Bxd5 $6 24. Qxd5+ Kh8 25. Nd4
$132) 24. Re4 $1 Be5 25. Ne1 $2 (25. Rxf4 $1 Bxf4 26. Qxf4 Bxd5 27. Qg5+ Qg7 (
27... Kh8 28. Qxd5 Rbe8 29. Ne3 $1 $10) 28. Qxd5+ Qf7 29. Rd1 $1 $10) 25... Kh8
$17 {/\ Bg6} 26. Bxf7 Qxf7 27. Nf3 $8 fxg3 28. Nxe5 dxe5 29. f3 (29. Rxe5 $2
Rbd8 $1 (29... gxf2+ $2 30. Rxf2 Qg7+ 31. Qg5 Qa7 32. Qe3 $10) 30. Qe2 (30. Qe3
gxf2+ 31. Rxf2 Rd1+ 32. Kg2 Rg8+ 33. Kh2 (33. Rg5 Qd5+ $19) 33... Qg7 $19)
30... gxf2+ 31. Rxf2 Rd1+ 32. Qxd1 Qxf2+ 33. Kh1 Qh4+ 34. Kg1 Rg8+ $19) 29...
Qh5 30. Qg2 $6 (30. Qe2 Rbe8 (30... Rf5 $6 31. Rg4 $1) 31. Rg4 Rg8 $17) 30...
Rf5 (30... Rf4 $1 31. Rfe1 Rxe4 32. Rxe4 Rg8 {/\ Qh6-+}) 31. Rg4 Rxf3 32. Rxf3
Qxg4 33. Qf1 $8 Rg8 34. Rf8 $8 Qh4 35. Qf6+ Qxf6 36. Rxf6 Rd8 $4 (36... Rg5 $1
37. Rb6 h5 (37... Kg7 38. Rxb5 h5 39. Rxa5 h4 40. Ra4 h3 41. Rh4 h2+ 42. Kg2
Kg6 43. Re4 (43. a4 Rh5 44. Rxh5 (44. Rg4+ Kf5 $19) 44... Kxh5 45. a5 e4 46. a6
e3 47. a7 e2 48. a8=Q h1=Q+ 49. Kxh1 e1=Q+ 50. Kg2 Qf2+ 51. Kh3 Qh2#) 43... Rh5
44. Re1 h1=Q+ 45. Rxh1 Rxh1 46. Kxh1 Kf5 47. a4 e4 48. Kg2 Kf4 49. a5 e3 50.
Kf1 Kf3 $19) 38. a4 (38. Rxb5 h4 39. Rb6 Kg7 $19 {/\ h3}) 38... bxa4 39. c4 Kg7
(39... h4 $2 40. Rh6+) (39... e4 $2 40. Rb5 $1 $15) 40. c5 e4 $19) 37. Re6 Rd2
38. Rxe5 Rxb2 39. a4 $1 bxa4 (39... Kg7 40. Rxb5 Rxb5 41. axb5 a4 42. b6 a3 43.
b7 a2 44. b8=Q a1=Q+ 45. Kg2 Qxc3 46. Qxg3+ $10) (39... b4 40. cxb4 axb4 41.
Rb5 b3 42. a5 $10) 40. Rxa5 Ra2 41. c4 Kg7 42. c5 (42. Rg5+ $2 Kf6 43. Rxg3 Rc2
$1 $19) 42... Kf6 43. c6 Ke7 (43... Ke6 $4 44. Rc5 $18) 44. Rd5 $1 Rc2 45. Rd7+
Ke6 46. Ra7 h5 (46... Ra2 47. Rxh7 $10) (46... Rxc6 47. Rxa4 Kf5 48. Kg2 Rc3
49. Rh4 $10) 47. Rxa4 Kf5 48. c7 Kg5 49. c8=Q Rxc8 50. Kg2 h4 51. Kh3 Rh8 (
51... Rc2 52. Rg4+ Kf5 53. Rxh4 g2 54. Kh2 $10 (54. Rg4 $4 Rc3+ 55. Kh4 Rc4 $19
)) 52. Ra5+ $10 Kf4 53. Ra4+ Ke5 54. Ra5+ Kd4 55. Ra4+ Ke3 56. Ra3+ Ke4 57.
Ra4+ Kd3 58. Ra3+ Kd2 59. Ra2+ Kc3 60. Ra1 Kc2 61. Ra2+ Kb1 62. Rd2 Kc1 63. Ra2
Rh7 (63... Rg8 64. Rg2 $1 $10) 64. Ra1+ Kb2 65. Rd1 Rh6 66. Rd2+ Kc3 67. Ra2
Rh5 68. Ra1 Kc4 69. Ra4+ Kb5 70. Ra1 Kb6 {/\ Ra5} 71. Rd1 (71. Rb1+ $2 Rb5)
71... Kc6 72. Ra1 Kd7 73. Ra7+ Kd6 74. Ra6+ Kc7 75. Ra1 Rh6 76. Ra7+ Kc8 77.
Ra1 Kb7 78. Rd1 Kc7 79. Ra1 Rh5 80. Rc1+ Kb6 81. Rd1 Kc6 82. Ra1 1/2-1/2